00965cam a2200277 a 45000010008000000030004000080050017000120060019000290070015000480080041000630200018001040350026001220400027001480500016001751000023001912100019002142450063002332600051002965000043003475060043003906500036004336500026004696500026004957730042005218560124005639733369OSt20130604160810.0m d cr n 120328s2011||||cau|||||s|||||||||||eng d a9781449315009 a(WaSeSS)ssj0000666936 aWaSeSScWaSeSSdWaSeSS 4aQA76.76.H941 aMcLaughlin, Brett.10aWhat is HTML5?10aWhat is HTML5?h[electronic resource] /cBrett McLaughlin. a[Sebastopol, Calif.] :bO'Reilly Media,c2011. a"A new way to look at the web"--Cover. aLicense restrictions may limit access. 0aHTML (Document markup language) 0aInternet programming. 0aWeb site development. 0tSafari Technical Books (Current File)40uhttp://www.columbia.edu/cgi-bin/cul/resolve?clio9733369zFull text available from Safari Technical Books (Current File)